Poorly described Disney songs - Statistics

General Stats
  • This quiz has been taken 18 times
  • The average score is 4 of 15
Answer Stats
Hint Answer % Correct
An entire town gossips about a girl. Belle
71%
Local fauna tries to convince a girl to stay home. Under the Sea
64%
Son is impatient to see his father die. I Just Can't Wait to be King
57%
Cats destroy all the floors of a building. Everybody Wants to be a Cat
43%
Creatures try to force two people into an unwilling relationship. Fixer-Upper
29%
Drunk mammal hallucinates weird animals of his kind. Pink Elephants on Parade
21%
Everyone does what they say they shouldn't do. We Don't Talk About Bruno
21%
A group composed almost exclusively of sexist men walks. A Girl Worth Fighting For
14%
Creatures get clean for the first time in years. Bluddle-Uddle-Um-Dum
7%
Man mocks his wife's best friend. Cruella De Vil
7%
The singer saves his friend a few times from the dangers he puts him through. Friend Like Me
7%
Old man gets intoxicated by his chimney. Hellfire
7%
Mammal calls a specific job gay. Hi-Diddle-Dee-Dee
7%
Daughter-in-law demands a bird to sing seven times. Sing, Sweet Nightingale
7%
Mammal teaches epicureanism. The Bare Necessities
7%
No matching quizzes found
Score Distribution
Percent of People with Each Score
Percentile by Number Answered
Your Score History
You have not taken this quiz